[Event "Aragon-chT Preferente B"]
[Site "Aragon"]
[Date "2012.03.10"]
[Round "6.70"]
[White "Carruez Berges, Santiago"]
[Black "Soto Fidalgo, Guillermo"]
[Result "1-0"]
[WhiteElo "2117"]
[BlackElo "1907"]
[PlyCount "73"]
[EventDate "2012.02.04"]
[EventType "team"]
[EventRounds "9"]
[EventCountry "ESP"]
[SourceTitle "EXT 2014"]
[Source "ChessBase"]
[SourceDate "2013.11.20"]
[SourceVersion "1"]
[SourceVersionDate "2013.11.20"]
[SourceQuality "1"]
[WhiteTeam "Agrupacion II"]
[BlackTeam "El Soto"]
[WhiteTeamCountry "ESP"]
[BlackTeamCountry "ESP"]

1. e4 e6 2. d3 d5 3. Nd2 Nf6 4. Ngf3 b6 5. g3 dxe4 6. dxe4 Bb7 7. Bb5+ Nbd7 8. Ne5 Bd6 9. Nxd7 Nxd7 10. 0-0 0-0 11. Re1 a6 12. Bf1 Qf6 13. Nc4 Bc5 14. Qe2 Bxe4 15. Bf4 Bd5 16. Rad1 Rfd8 17. Ne3 Bc6 18. Ng4 Qf5 19. Bh3 Kf8 20. Bg2 Bxg2 21. Kxg2 Nf6 22. Nxf6 Qxf6 23. Bxc7 Rxd1 24. Rxd1 Qxb2 25. Qe4 Rc8 26. Qxh7 Ke7 27. Bf4 Qf6 28. h4 Qg6 29. Bg5+ Ke8 30. Qh8+ Bf8 31. c4 f6 32. Be3 Qe4+ 33. Kh2 Qxc4 34. Qg8 b5 35. Rd6 e5 36. Re6+ Kd7 37. Qf7+ 1-0

[Event "Aragon-chT Preferente B"]
[Site "Aragon"]
[Date "2012.02.25"]
[Round "4.70"]
[White "Soto Fidalgo, Guillermo"]
[Black "Landa Galindo, Victor"]
[Result "1-0"]
[WhiteElo "1907"]
[BlackElo "1945"]
[PlyCount "79"]
[EventDate "2012.02.04"]
[EventType "team"]
[EventRounds "9"]
[EventCountry "ESP"]
[SourceTitle "EXT 2014"]
[Source "ChessBase"]
[SourceDate "2013.11.20"]
[SourceVersion "1"]
[SourceVersionDate "2013.11.20"]
[SourceQuality "1"]
[WhiteTeam "El Soto"]
[BlackTeam "La Aurora Estadilla II"]
[WhiteTeamCountry "ESP"]
[BlackTeamCountry "ESP"]

1. d4 Nf6 2. Bg5 g6 3. Bxf6 exf6 4. e3 f5 5. Ne2 Bg7 6. g3 d5 7. Bg2 c6 8. Nd2 Nd7 9. 0-0 Nb6 10. b3 Be6 11. Rc1 0-0 12. c4 a5 13. a4 Rc8 14. Nf4 Re8 15. Qc2 Bf8 16. Nd3 Nd7 17. Rb1 Nf6 18. c5 Ne4 19. b4 axb4 20. Rxb4 Nxd2 21. Qxd2 Qa5 22. Qb2 Rc7 23. Rxb7 Rxb7 24. Qxb7 Qxa4 25. Ne5 Rc8 26. Nxf7 Qa8 27. Qxa8 Rxa8 28. Ne5 Rc8 29. Rb1 Kg7 30. Nd3 Rc7 31. Rb8 Kf7 32. Nb4 Bd7 33. Rb6 Ke7 34. Bf1 g5 35. Ba6 f4 36. Bb7 fxe3 37. fxe3 Bh3 38. Nxc6+ Ke8 39. Ba6 Rf7 40. Rb8+ 1-0

[Event "Autonomico-chT"]
[Site "Aragon"]
[Date "2005.03.05"]
[Round "6.64"]
[White "Sainz de la Maza Arnal, Pilar"]
[Black "Soto Fidalgo, Guillermo"]
[Result "0-1"]
[WhiteElo "1619"]
[BlackElo "1812"]
[PlyCount "98"]
[EventDate "2005.01.22"]
[EventType "team"]
[EventRounds "12"]
[EventCountry "ESP"]
[SourceTitle "EXT 2006"]
[Source "ChessBase"]
[SourceDate "2005.11.24"]
[SourceVersion "1"]
[SourceVersionDate "2005.11.24"]
[SourceQuality "1"]

1. e4 e6 2. d4 d5 3. exd5 exd5 4. Bd3 Nc6 5. Nf3 Bg4 6. Be3 Qf6 7. Nc3 Bxf3 8. Qxf3 Qxf3 9. gxf3 0-0-0 10. 0-0-0 g6 11. Bf1 Bg7 12. Bg2 Nge7 13. Rhe1 Rhe8 14. Kb1 Kb8 15. Bh3 Nc8 16. Na4 Nd6 17. Nc3 Nc4 18. Bg2 f5 19. b3 Nb6 20. Re2 Rd7 21. Bg5 Rf8 22. Rde1 Bxd4 23. Re8+ Rxe8 24. Rxe8+ Nc8 25. Nd1 Bc5 26. Rh8 Ne5 27. Bf6 Nc6 28. Ne3 Bd4 29. Bxd4 Nxd4 30. c3 Ne2 31. Kb2 Nf4 32. Bf1 c5 33. Bb5 Re7 34. c4 d4 35. Nd5 Nxd5 36. cxd5 Kc7 37. Re8 Rxe8 38. Bxe8 Kd6 39. Bf7 Ne7 40. Kc2 Nxd5 41. a3 b5 42. Kd3 Nf4+ 43. Kd2 Ke5 44. Ke1 d3 45. Kd2 Kd4 46. Bg8 c4 47. bxc4 bxc4 48. a4 c3+ 49. Kc1 Ne2+ 0-1